Columnar liquid crystals from wedge-shaped tetrahedral copper(I) complexes/

שמור ב:
מידע ביבליוגרפי
מחברים אחרים: Cesario, Michele., Diep, Thanh Hung., Douce, Laurent., Skoulios, Antoine., Ziessel, Raymond.
פורמט: Bài viết
שפה:English
נושאים:
תגים: הוספת תג
אין תגיות, היה/י הראשונ/ה לתייג את הרשומה!
Thư viện lưu trữ: Thư viện Trường Đại học Đà Lạt
LEADER 01011nam a2200337 4500
001 DLU090095512
005 ##20091201
040 # # |a DLU  |b eng 
041 # # |a eng 
044 # # |a us 
245 # # |a Columnar liquid crystals from wedge-shaped tetrahedral copper(I) complexes/  |c Laurent Douce ... [et al.]. 
653 # # |a Columnar structure 
653 # # |a Inorganic compounds 
653 # # |a Liquid crystals 
653 # # |a Mesomorphism 
653 # # |a Transition element complexes 
700 # # |a Cesario, Michele.  
700 # # |a Diep, Thanh Hung. 
700 # # |a Douce, Laurent. 
700 # # |a Skoulios, Antoine. 
700 # # |a Ziessel, Raymond. 
773 # # |t Journal of Materials Chemistry  |g Vol. 13, no. 7 (2003), p. 1533-1539 
920 # # |a Phòng Tạp chí -- Trung tâm Thông tin - Thư viện Trường Đại học Đà Lạt 
994 # # |a DLU 
900 # # |a True 
911 # # |a Trương Bảo Trâm Anh 
925 # # |a G 
926 # # |a A 
927 # # |a BB 
980 # # |a Thư viện Trường Đại học Đà Lạt